000
00281nam a2200109Ia 4500
008
200302s9999 xx 000 0 und d
100
_a
Richard John
245
_a
Robert Adam Archtiects -- New Classicists
260
_b
Images Publishing, Austraila
260
_c
2010
300
_a
260 P
999
_c
4840
_d
4840